Statistics for Greece World Cup 2014 squad

Click here to take the quiz!

General Stats

  • This quiz has been taken 207 times
    (197 since last reset)
  • The average score is 16 of 24

Answer Stats

% Correct
FWGiorgios SamarasCeltic Glasgow
92%
FWKostas MitroglouFulham
84%
MDGiorgios KaragounisFulham
81%
DFKostas ManolasOlympiacos
80%
DFSokratis PapastathopoulosBorussia Dortmund
77%
DFVasilis TorosidisAS Roma
77%
FWTheofanis GekasKonyaspor
77%
MDKostas KatsouranisPAOK
73%
GKOrestis KarnezisGrenada
73%
MDAndreas SamarisOlympiacos
68%
MDPanagiotis KoneBologna
67%
COACHFernando Santos/
67%
DFJose HolebasOlympiacos
66%
MDGiannis ManiatisOlympiacos
60%
GKStefanos KapinoPanathinaïkos
59%
GKPanagotis GlykosPAOK
59%
MDLazaros ChristodoulopoulosBologna
57%
MDGiannis FetfatzidisGenoa
55%
DFVangelis MorasHellas Verona
55%
FWDimitris SalpingidisPAOK
54%
DFLoukas VyntraLevante
49%
DFGiorgios TzavellasPAOK
49%
MDPanagiotis TachtsidisTorino
45%
MDAlexandros TziolisKayserispor
45%

Score Distribution

Percentile by Number Answered

Percent of People with Each Score

Your Score History

You have not taken this quiz since the last reset